[Event "LSS CP-2007-Q-00005"]
[Site "LSS email"]
[Date "2009.01.15"]
[Round "?"]
[White "Ghyssens, Dirk"]
[Black "Petters, Paul"]
[Result "1-0"]
[WhiteElo "2261"]
[BlackElo "1915"]
[PlyCount "91"]
[EventDate "2009.01.15"]
[EventType "tourn (corr)"]
[EventRounds "6"]
[EventCountry "GER"]
[SourceTitle "Corr 2011"]
[Source "ChessBase"]
[SourceDate "2010.08.31"]
[SourceVersion "1"]
[SourceVersionDate "2010.08.31"]
[SourceQuality "1"]

1. e4 c5 2. Nf3 Nc6 3. d4 cxd4 4. Nxd4 Nf6 5. Nc3 d6 6. Bg5 e6 7. Qd2 a6 8. 0-0-0 h6 9. Be3 Be7 10. f3 Nxd4 11. Bxd4 b5 12. h4 Qa5 13. a3 e5 14. Bf2 Be6 15. Qe3 0-0 16. Qb6 Qxb6 17. Bxb6 Nh5 18. Bf2 g6 19. Kb1 f5 20. exf5 gxf5 21. Nd5 Bxd5 22. Rxd5 Nf6 23. Rd1 d5 24. g3 Kf7 25. Bh3 Ke6 26. g4 fxg4 27. fxg4 Ne4 28. g5+ Kf7 29. Bb6 hxg5 30. Rxd5 gxh4 31. Rxe5 Ng3 32. Rd1 Bf6 33. Re6 Rae8 34. Rc6 Re2 35. Ba5 Ra8 36. Rd3 Kg7 37. Rd7+ Kg6 38. Rd4 Re4 39. Rdd6 Rf8 40. Rxa6 Rf4 41. Rab6 Re8 42. Rxb5 Re2 43. Rc6 Rh2 44. Bd7 Kf7 45. Be6+ Kg7 46. Bc4 1-0

[Event "LSS WC-2008-F-00007"]
[Site "LSS email"]
[Date "2008.11.12"]
[Round "?"]
[White "Petters, Paul"]
[Black "Petersen, Hans"]
[Result "1-0"]
[WhiteElo "1912"]
[BlackElo "1800"]
[PlyCount "87"]
[EventDate "2008.11.12"]
[EventType "tourn (corr)"]
[EventRounds "14"]
[EventCountry "GER"]
[SourceTitle "Corr 2011"]
[Source "ChessBase"]
[SourceDate "2010.08.31"]
[SourceVersion "1"]
[SourceVersionDate "2010.08.31"]
[SourceQuality "1"]

1. e4 e5 2. Nf3 Nc6 3. Nc3 Nf6 4. Bb5 Bb4 5. 0-0 0-0 6. d3 d6 7. Bg5 Bxc3 8. bxc3 Qe7 9. Re1 Nd8 10. d4 Ne6 11. Bc1 c5 12. Bf1 Rd8 13. g3 Nc7 14. Qd3 b5 15. Bg2 Bg4 16. a4 bxa4 17. Rxa4 a6 18. Bd2 Rdb8 19. Ra5 Rb5 20. Raa1 Rb7 21. Nh4 Rb2 22. Nf5 Bxf5 23. exf5 Rd8 24. Bf4 Qf8 25. Bc1 Rb6 26. Bd2 Rb2 27. Bg5 h6 28. Bxf6 gxf6 29. d5 Rdb8 30. Ra4 Qg7 31. Bf3 Kh7 32. Kg2 R8b6 33. Qd2 Qg5 34. Re3 Qg7 35. Rg4 Qf8 36. Ree4 Ra2 37. Rh4 Rbb2 38. Bd1 a5 39. Rh5 Nb5 40. Reh4 Kg8 41. Rxh6 Qg7 42. R6h5 Kf8 43. Rh8+ Ke7 44. R4h7 1-0

[Event "LSS WC-2008-F-00007"]
[Site "LSS email"]
[Date "2008.11.12"]
[Round "?"]
[White "Pott, Brian"]
[Black "Petters, Paul"]
[Result "1/2-1/2"]
[WhiteElo "1898"]
[BlackElo "1912"]
[PlyCount "111"]
[EventDate "2008.11.12"]
[EventType "tourn (corr)"]
[EventRounds "14"]
[EventCountry "GER"]
[SourceTitle "Corr 2011"]
[Source "ChessBase"]
[SourceDate "2010.08.31"]
[SourceVersion "1"]
[SourceVersionDate "2010.08.31"]
[SourceQuality "1"]

1. e4 e6 2. d4 d5 3. e5 c5 4. c3 Qb6 5. Nf3 Nc6 6. a3 c4 7. Nbd2 Na5 8. Rb1 Bd7 9. Be2 Be7 10. 0-0 Nh6 11. Re1 Nf5 12. Nf1 Nb3 13. Bg5 Bf8 14. N3d2 h6 15. Bf4 Be7 16. Nxb3 Ba4 17. Nfd2 0-0 18. Qc1 cxb3 19. Bd3 Rac8 20. Qd1 Rfd8 21. Qh5 g6 22. Qh3 h5 23. Bxf5 exf5 24. Nf3 Rc6 25. Bg5 Qc7 26. Qg3 Re8 27. Bxe7 Qxe7 28. Re3 Rb6 29. Rbe1 Bd7 30. Ng5 Be6 31. Qf4 Rc6 32. Rg3 Kg7 33. Qd2 a5 34. f4 a4 35. Rh3 Qc7 36. Ree3 Rh8 37. Qe2 Qb6 38. Qf3 Qb5 39. Qg3 Qb6 40. Qe1 Bd7 41. Rhf3 Re8 42. Qh4 Rcc8 43. Rh3 Rc6 44. Reg3 Qa6 45. Rd3 Qc4 46. Qe1 Ra6 47. Rde3 Bb5 48. Qd1 Kg8 49. Re1 Bd7 50. Rhe3 Kg7 51. Nf3 Bb5 52. Nd2 Qc7 53. Qf3 Bc4 54. Qf2 Bb5 55. Rh3 Qd7 56. Qf3 1/2-1/2

[Event "LSS CP-2008-P-00032"]
[Site "LSS email"]
[Date "2008.10.01"]
[Round "?"]
[White "Morozov, Dmitry Viktorovich"]
[Black "Petters, Paul"]
[Result "1-0"]
[WhiteElo "2368"]
[BlackElo "1914"]
[PlyCount "97"]
[EventDate "2008.10.01"]
[EventType "tourn (corr)"]
[EventRounds "6"]
[EventCountry "GER"]
[SourceTitle "Corr 2011"]
[Source "ChessBase"]
[SourceDate "2010.08.31"]
[SourceVersion "1"]
[SourceVersionDate "2010.08.31"]
[SourceQuality "1"]

1. e4 e5 2. Nf3 Nf6 3. Nxe5 d6 4. Nf3 Nxe4 5. d4 d5 6. Bd3 Bd6 7. 0-0 0-0 8. c4 c6 9. Qc2 Na6 10. a3 Bg4 11. Ne5 Bxe5 12. dxe5 Nac5 13. f3 Nxd3 14. Qxd3 Nc5 15. Qd4 Nb3 16. Qxg4 Nxa1 17. Bh6 g6 18. Bxf8 Qxf8 19. cxd5 Qc5+ 20. Kh1 Qxd5 21. Nc3 Qb3 22. e6 Nc2 23. exf7+ Qxf7 24. Qe4 Qf5 25. Qc4+ Kf8 26. Rc1 Qe5 27. Ne4 Nd4 28. Qb4+ Kg8 29. Qxb7 Re8 30. Re1 Re7 31. Nf6+ Kf7 32. Qxe7+ Qxe7 33. Rxe7+ Kxe7 34. Nxh7 Nf5 35. Ng5 Nd6 36. Nh3 Nc4 37. Nf4 Nxb2 38. Nxg6+ Kf6 39. Nf4 Ke5 40. g3 Nc4 41. a4 c5 42. Kg2 a5 43. h4 Nb2 44. h5 Nc4 45. Nd3+ Kd4 46. Nc1 Ke5 47. f4+ Kf5 48. Nd3 Nd6 49. Nxc5 1-0

[Event "LSS CP-2007-P-00042"]
[Site "LSS email"]
[Date "2007.10.01"]
[Round "?"]
[White "Fard, Pedram J"]
[Black "Petters, Paul"]
[Result "0-1"]
[WhiteElo "2053"]
[BlackElo "1814"]
[PlyCount "74"]
[EventDate "2007.10.01"]
[EventType "tourn (corr)"]
[EventRounds "6"]
[EventCountry "GER"]
[SourceTitle "Corr 2011"]
[Source "ChessBase"]
[SourceDate "2010.08.31"]
[SourceVersion "1"]
[SourceVersionDate "2010.08.31"]
[SourceQuality "1"]

1. d4 Nf6 2. c4 e6 3. Nc3 Bb4 4. f3 d5 5. a3 Be7 6. cxd5 exd5 7. e4 Be6 8. Be3 0-0 9. e5 Nfd7 10. f4 Nb6 11. Bd3 Nc4 12. Bc1 c5 13. Nf3 Nc6 14. dxc5 Bxc5 15. b3 Qa5 16. Qc2 Nd4 17. Nxd4 Bxd4 18. b4 Qd8 19. Ra2 Nxe5 20. Bxh7+ Kh8 21. Ne2 Qh4+ 22. Kd1 Rac8 23. Qb1 Qh5 24. fxe5 g6 25. Bh6 Bf5 26. g4 Qxg4 27. Qb3 Qe4 28. Re1 Rfe8 29. h3 Kxh7 30. Ng3 Qh4 31. Nxf5 gxf5 32. Qd3 Kxh6 33. Rc2 Rc4 34. Ree2 Bxe5 35. Rxc4 dxc4 36. Qxf5 Qd4+ 37. Ke1 Qg1+ 0-1

[Event "LSS CP-2007-P-00042"]
[Site "LSS email"]
[Date "2007.10.01"]
[Round "?"]
[White "Petters, Paul"]
[Black "Nita, Catalin"]
[Result "1/2-1/2"]
[WhiteElo "1814"]
[BlackElo "1071"]
[PlyCount "70"]
[EventDate "2007.10.01"]
[EventType "tourn (corr)"]
[EventRounds "6"]
[EventCountry "GER"]
[SourceTitle "Corr 2011"]
[Source "ChessBase"]
[SourceDate "2010.08.31"]
[SourceVersion "1"]
[SourceVersionDate "2010.08.31"]
[SourceQuality "1"]

1. e4 e5 2. Nf3 Nc6 3. Bb5 a6 4. Ba4 Be7 5. 0-0 Nf6 6. Re1 d6 7. Bxc6+ bxc6 8. d4 exd4 9. Nxd4 Bd7 10. Nc3 0-0 11. Qf3 Rb8 12. b3 Re8 13. Bb2 Bf8 14. Rad1 Qe7 15. e5 dxe5 16. Nxc6 Bxc6 17. Qxc6 Rb6 18. Qc4 e4 19. f3 e3 20. a3 Qe6 21. Qxe6 Rbxe6 22. Ne2 g5 23. Kf1 g4 24. c4 Bd6 25. Nd4 Re5 26. Rd3 gxf3 27. gxf3 Nh5 28. Bc1 c5 29. Ne2 R5e6 30. Rd5 Nf6 31. Rg5+ Kf8 32. Rd1 h6 33. Rf5 Kg7 34. Bb2 Be5 35. Bxe5 Rxe5 1/2-1/2

[Event "IECG CP.2005.Q.00022 email"]
[Site "IECG email"]
[Date "2007.01.15"]
[Round "?"]
[White "Granara Barreto, Sebastian A"]
[Black "Petters, Paul"]
[Result "1/2-1/2"]
[WhiteElo "2088"]
[BlackElo "1792"]
[PlyCount "57"]
[EventDate "2007.01.15"]
[EventType "tourn (corr)"]
[EventRounds "6"]
[EventCountry "ROU"]
[SourceTitle "Corr 2011"]
[Source "ChessBase"]
[SourceDate "2010.08.31"]
[SourceVersion "1"]
[SourceVersionDate "2010.08.31"]
[SourceQuality "1"]

1. c4 Nf6 2. Nc3 e6 3. e4 d5 4. e5 d4 5. exf6 dxc3 6. bxc3 Qxf6 7. Nf3 e5 8. d4 exd4 9. Bg5 Qe6+ 10. Be2 f6 11. Nxd4 Qf7 12. Bh6 g6 13. Qd2 Bxh6 14. Qxh6 Na6 15. 0-0 Bd7 16. Bf3 0-0-0 17. Rfb1 c6 18. Qc1 Rhe8 19. Qb2 Be6 20. Be2 Rd7 21. Qb3 Bf5 22. Rb2 Qe7 23. Nxf5 gxf5 24. Qa4 Qe4 25. Bf1 Rg8 26. g3 f4 27. Qa5 Rg5 28. Qa3 Qe7 29. Qxe7 1/2-1/2

[Event "IECG CP.2005.P.00088"]
[Site "IECG email"]
[Date "2005.10.01"]
[Round "?"]
[White "Petters, Paul"]
[Black "Vera Ruiz, Heraclio"]
[Result "1/2-1/2"]
[WhiteElo "1690"]
[BlackElo "2037"]
[PlyCount "98"]
[EventDate "2005.10.01"]
[EventType "tourn (corr)"]
[EventRounds "6"]
[SourceTitle "Corr 2008"]
[Source "ChessBase"]
[SourceDate "2008.06.24"]
[SourceVersion "1"]
[SourceVersionDate "2008.06.24"]
[SourceQuality "1"]

1. e4 c5 2. Nf3 d6 3. d4 cxd4 4. Nxd4 Nf6 5. Nc3 a6 6. g3 e5 7. Nde2 Nbd7 8. a4 Be7 9. Bg2 0-0 10. 0-0 Rb8 11. h3 b5 12. axb5 axb5 13. Ra7 Rb7 14. Ra2 Nb6 15. Nxb5 Be6 16. b3 Qd7 17. Nbc3 Bxh3 18. Qd3 Bxg2 19. Kxg2 Rd8 20. Rd1 d5 21. exd5 Nfxd5 22. Nxd5 Nxd5 23. Ra5 Nb4 24. Qxd7 Rbxd7 25. Rxd7 Rxd7 26. Ba3 f6 27. Bxb4 Bxb4 28. Rb5 Bd2 29. c4 Kf7 30. b4 Ke6 31. c5 Kd5 32. Rb6 Kc4 33. c6 Rc7 34. b5 Bb4 35. g4 Kc5 36. Rb8 Ba5 37. Kf3 g6 38. Kg2 Rg7 39. Nc3 Bxc3 40. Rb7 Rg8 41. c7 Rc8 42. b6 Kc6 43. Rb8 Rxc7 44. bxc7 Kxc7 45. Rf8 e4 46. Rf7+ Kd6 47. Rxh7 Kd5 48. Rg7 g5 49. Re7 Be5 1/2-1/2

[Event "IECG WC.2004.F.00005"]
[Site "IECG email"]
[Date "2005.05.16"]
[Round "?"]
[White "Petters, Paul"]
[Black "Findlay, Michael A"]
[Result "1/2-1/2"]
[WhiteElo "1690"]
[BlackElo "1833"]
[PlyCount "78"]
[EventDate "2005.05.16"]
[EventType "tourn (corr)"]
[EventRounds "6"]
[SourceTitle "Corr 2008"]
[Source "ChessBase"]
[SourceDate "2008.06.24"]
[SourceVersion "1"]
[SourceVersionDate "2008.06.24"]
[SourceQuality "1"]

1. e4 e5 2. Nf3 Nc6 3. Bc4 Bc5 4. d3 Nf6 5. Nc3 d6 6. Bg5 h6 7. Bxf6 Qxf6 8. Nd5 Qd8 9. c3 a6 10. d4 Ba7 11. dxe5 Nxe5 12. Nxe5 dxe5 13. Qh5 0-0 14. Qxe5 Re8 15. Qf4 Qd6 16. Qxd6 cxd6 17. f3 Be6 18. Kd2 Bxd5 19. Bxd5 Rab8 20. Kd3 Kf8 21. g4 f6 22. h4 Bb6 23. h5 Re7 24. f4 Rbe8 25. a4 a5 26. Ra3 Ba7 27. b4 b6 28. b5 Bb8 29. c4 Rc8 30. Rg1 Ke8 31. Ke3 Kd7 32. Bc6+ Ke6 33. Rd3 Kf7 34. Rd5 Ke6 35. Rgd1 Kf7 36. R1d3 Ke6 37. R5d4 Kf7 38. Rd2 Ke6 39. f5+ Kf7 1/2-1/2

[Event "IECG WC.2004.F.00005"]
[Site "IECG email"]
[Date "2005.05.16"]
[Round "?"]
[White "Petters, Paul"]
[Black "Rizzi, Davide"]
[Result "1-0"]
[WhiteElo "1690"]
[BlackElo "1879"]
[PlyCount "63"]
[EventDate "2005.05.16"]
[EventType "tourn (corr)"]
[EventRounds "6"]
[SourceTitle "Corr 2008"]
[Source "ChessBase"]
[SourceDate "2008.06.24"]
[SourceVersion "1"]
[SourceVersionDate "2008.06.24"]
[SourceQuality "1"]

1. e4 e5 2. Nf3 Nc6 3. Bb5 d6 4. d4 exd4 5. Qxd4 Nge7 6. Bg5 f6 7. Be3 a6 8. Qa4 Bg4 9. Be2 Qd7 10. Nc3 0-0-0 11. b4 Bxf3 12. gxf3 Kb8 13. b5 axb5 14. Bxb5 d5 15. 0-0-0 d4 16. Ne2 dxe3 17. Rxd7 Rxd7 18. fxe3 g6 19. Rd1 Rxd1+ 20. Kxd1 Bh6 21. f4 Rd8+ 22. Ke1 Na7 23. Bd3 Nec6 24. Qb3 Bf8 25. Qf7 Bc5 26. Kd2 Nc8 27. Qxf6 Rd7 28. c3 Nb6 29. Nd4 Nd8 30. e5 Re7 31. Qh8 Kc8 32. f5 1-0

[Event "IECG WC.2004.F.00005"]
[Site "IECG email"]
[Date "2005.05.16"]
[Round "?"]
[White "Petters, Paul"]
[Black "Shutov, Andry"]
[Result "0-1"]
[WhiteElo "1690"]
[BlackElo "1769"]
[PlyCount "96"]
[EventDate "2005.05.16"]
[EventType "tourn (corr)"]
[EventRounds "6"]
[SourceTitle "Corr 2008"]
[Source "ChessBase"]
[SourceDate "2008.06.24"]
[SourceVersion "1"]
[SourceVersionDate "2008.06.24"]
[SourceQuality "1"]

1. e4 c5 2. Nc3 Nc6 3. g3 g6 4. Bg2 Bg7 5. d3 b6 6. Nf3 d6 7. h3 Bb7 8. Be3 Nf6 9. 0-0 0-0 10. Qd2 d5 11. exd5 Nxd5 12. Bh6 f6 13. Rae1 Nxc3 14. Bxg7 Kxg7 15. Qxc3 e5 16. Nd2 Qc7 17. f4 Nd4 18. Ne4 exf4 19. gxf4 Qd7 20. Qd2 Nf5 21. Qf2 Rae8 22. b3 Qd4 23. Re2 Re7 24. Rd1 Qxf2+ 25. Kxf2 Nd4 26. Red2 f5 27. Ng3 Bxg2 28. Kxg2 Rfe8 29. Kf2 Kf6 30. Rh1 Ne6 31. Ne2 a6 32. c3 Nc7 33. a3 h6 34. Rg1 g5 35. fxg5+ hxg5 36. h4 g4 37. Nf4 Re3 38. Kg2 Rh8 39. Rh1 Rd8 40. Rf1 Nd5 41. Nh5+ Kg6 42. c4 Re5 43. Nf4+ Nxf4+ 44. Rxf4 Kh5 45. d4 Rxd4 46. Rdxd4 cxd4 47. Rxd4 Re2+ 48. Kf1 Ra2 0-1

[Event "IECC CL3-2003.25 email"]
[Site "IECC email"]
[Date "2003.11.07"]
[Round "?"]
[White "Bandiera, Aurelio"]
[Black "Petters, Paul"]
[Result "1/2-1/2"]
[WhiteElo "1943"]
[BlackElo "1818"]
[PlyCount "41"]
[EventDate "2003.??.??"]
[EventType "tourn (corr)"]
[EventRounds "4"]
[SourceTitle "Corr 2008"]
[Source "ChessBase"]
[SourceDate "2008.06.24"]
[SourceVersion "1"]
[SourceVersionDate "2008.06.24"]
[SourceQuality "1"]

1. d4 d5 2. Nf3 Nf6 3. Bf4 g6 4. h3 c5 5. c3 Nbd7 6. e3 Bg7 7. Be2 Qb6 8. Qc2 0-0 9. Nbd2 a5 10. 0-0 a4 11. a3 c4 12. Rae1 Qc6 13. Rd1 Re8 14. Rfe1 b5 15. Bh2 Ra6 16. Ne5 Nxe5 17. Bxe5 Bf5 18. Qc1 Bh6 19. Bf4 Bg7 20. Be5 Bh6 21. Bf4 1/2-1/2

[Event "IECC CL3-2003.25 email"]
[Site "IECC email"]
[Date "2003.11.07"]
[Round "?"]
[White "Petters, Paul"]
[Black "Gosme, Emile"]
[Result "1-0"]
[WhiteElo "1824"]
[BlackElo "1850"]
[PlyCount "71"]
[EventDate "2003.??.??"]
[EventType "tourn (corr)"]
[EventRounds "4"]
[SourceTitle "Corr 2008"]
[Source "ChessBase"]
[SourceDate "2008.06.24"]
[SourceVersion "1"]
[SourceVersionDate "2008.06.24"]
[SourceQuality "1"]

1. e4 c5 2. Nf3 Nc6 3. Bb5 a6 4. Bxc6 dxc6 5. 0-0 Bg4 6. h3 Bh5 7. d3 e6 8. Nbd2 Be7 9. e5 Qc7 10. Nc4 b5 11. Ncd2 Nh6 12. Ne4 0-0 13. Bxh6 gxh6 14. Ned2 Kh8 15. Qe1 Rg8 16. Qe3 Bxf3 17. Nxf3 Rg6 18. Kh1 Rag8 19. Rg1 Qd8 20. a4 b4 21. Rad1 R8g7 22. Qe4 Qd5 23. c4 bxc3 24. bxc3 Rg8 25. c4 Qd7 26. Rb1 Qc7 27. Qe3 f5 28. exf6 Rxf6 29. Nd2 Rf5 30. Ne4 Bg5 31. Qe2 Bh4 32. Qb2+ e5 33. f3 Be7 34. Qb7 Qxb7 35. Rxb7 Rf7 36. Ra7 1-0